Chương trình bồi dưỡng về phương pháp giảng dạy cho người lớn (lưu hành nội bộ)

Khái quát về giáo dục học người lớn; Thực trạng PPDH người lớn hiện nay ở Việt Nam và định hướng đổi mới PPDH học người lớn trong thời gian tới; Giới thiệu một số PPDH cho người lớn; Một số kĩ năng dạy học phù hợp với người lớn; Kỹ năng khai thác kinh nghiệm sống của người lớn trong quá trình dạy họ...

Descripción completa

Guardado en:
Detalles Bibliográficos
Autores Corporativos: Bộ Giáo dục và đào tạo, Ngân hàng phát triển châu Á
Otros Autores: Nguyễn Công Hinh
Formato: Libro
Lenguaje:Vietnamese
Publicado: Hà Nội Nxb. Hà Nội 2013
Colección:Sách dự án phát triển giáo viên THPT & TCCN
Materias:
Etiquetas: Agregar Etiqueta
Sin Etiquetas, Sea el primero en etiquetar este registro!
Thư viện lưu trữ: Mạng thư viện Đại học Đà Nẵng
LEADER 01979nam a2200373 4500
001 000019004
003 15439
005 20140226090258.0
008 140226s2013 viesd
041 0 |a vie 
082 1 4 |a 374.01  |b BÔG 
110 1 |a Bộ Giáo dục và đào tạo 
245 1 0 |a Chương trình bồi dưỡng về phương pháp giảng dạy cho người lớn  |b (lưu hành nội bộ)  |c Bộ giáo dục và đào tạo, Ngân hàng phát triển châu Á 
260 |a Hà Nội  |b Nxb. Hà Nội  |c 2013 
300 |a 364 tr.  |c 27 cm. 
490 |a Sách dự án phát triển giáo viên THPT & TCCN 
500 |a Chủ biên: Nguyễn Công Hinh, đồng tác giả: Kiều Thị Bình, ... 
520 3 |a Khái quát về giáo dục học người lớn; Thực trạng PPDH người lớn hiện nay ở Việt Nam và định hướng đổi mới PPDH học người lớn trong thời gian tới; Giới thiệu một số PPDH cho người lớn; Một số kĩ năng dạy học phù hợp với người lớn; Kỹ năng khai thác kinh nghiệm sống của người lớn trong quá trình dạy học; Sử dụng thiết bị dạy học hiện đại hỗ trợ đổi mới PPDH người lớn 
650 0 4 |a Giáo dục người lớn  |x Phương pháp giảng dạy 
653 |a Giáo dục người lớn 
653 |a Phương pháp giảng dạy 
653 |a Chương trình bồi dưỡng 
700 1 |a Nguyễn Công Hinh 
710 |a Ngân hàng phát triển châu Á 
OWN |a LSP 
AVA |a UDN50  |b LSP  |d 374.01 BÔG  |e available  |t Error 5001 Not defined in file expand_doc_bib_avail.  |f 1  |g 0  |h N  |i 0  |k 1 
999 |a From the UDN01 
AVA |a UDN50  |b LSP  |d 374.01 BÔG  |e available  |t Error 5001 Not defined in file expand_doc_bib_avail.  |f 1  |g 0  |h N  |i 0  |k 1 
TYP |a Monograph 
TYP |a Printed language 
980 |a Mạng thư viện Đại học Đà Nẵng